000 00350 a2200157 4500
001 73060
020 _a852621621
040 _cAnchieta - Colégio São Paulo
100 _aAntunes, Celso
240 1 0 _aGeografia do Brasil
_lpor
245 1 0 _aGeografia do Brasil
300 _a304
362 0 _a1990
650 4 _aGeografia e viagens
942 _cBK
999 _c73060
_d73060